| 000 | 00503mam a2200181 a 4500 | ||
|---|---|---|---|
| 020 | _a0582316162 | ||
| 082 | 0 | 0 |
_a624 _bCHU |
| 100 | 1 |
_aChudley, R. _924710 |
|
| 245 | 1 | 0 |
_aConstruction technology / _cRoy Chudley. |
| 250 | _a2nd ed. / | ||
| 260 |
_aHarlow : _bLongman, _c1987. |
||
| 300 |
_a245 p. : _bill. ; _c24 cm. |
||
| 500 | _aPrevious ed.: published in 2 vols. 1987. | ||
| 526 |
_a0 _b0 _c0 _d624_000000000000000_CHU |
||
| 650 | 4 | _aBuilding. | |
| 700 | 1 |
_aGreeno, Roger. _924713 |
|
| 942 |
_2ddc _cBK |
||
| 999 |
_c546176 _d546176 |
||